000 01708nam a2200241 a 4500
001 000012015
005 20240306073909.0
008 081124s1978 cu a 000 0 spa d
040 _aDO-SdBNP
_bspa
_cBNPHU
082 _aCu863.5
_bM378e
100 1 _aMartí, José,
_d1853-1895
_9645
245 1 3 _aLa edad de oro /
_cJosé Martí.
260 _aLa Habana :
_bGente Nueva,
_c1978.
300 _a235 p. :
_bil. ;
_c19 cm.
500 _aEste libro está formado con los cuatro números de la revista La edad de oro, que Martí escribió para los niños de América. La revista se publicó en Nueva York, en los meses de julio, agosto, septiembre y octubre del año 1889. Los grabados son reproducción de los originales de la revista.
505 0 _aPrimer número. A los niños que lean La Edad de Oro -- Tres héroes -- Dos milagros -- Meñique -- Cada uno a su oficio -- La Ilíada, de Homero -- Un juego nuevo y otros viejos -- Bebé y el señor don Pomposo -- La última página
505 0 _aSegundo número. La historia del hombre contada por sus casas -- Los dos príncipes -- Nené traviesa -- La perla de la mora -- Las ruinas indias -- Músicos, poetas y pintores -- La última página
505 0 _aTercer número. La exposición de París -- El camarón encantado -- El padre las Casas -- Los zapaticos de rosa -- La última página
505 0 _aCuarto número. Un paseo por la tierra de los anamitas -- Historia de la cuchara y el tenedor -- La muñeca negra -- Cuentos de elefantes -- Los dos ruiseñores -- La galería de las máquinas -- La última página.
650 4 _aLiteratura infantil cubana
_9647
650 4 _aCuentos cubanos
_91482
910 _aValidado. Control de calidad MFF
999 _c11683
_d11683